Histoire et records de l'Equipe de France - Statistiques

Statistiques générales
  • Ce quiz a été pris 70 fois
    64 depuis la dernière actualisation
  • Le résultat moyen est 25 sur 35
Statistiques - réponses
Questions Réponse % Correct
Qui a succédé à Hugo Lloris au rôle de capitaine ? Kyllian Mbappe
97%
Sur quel score l'Equipe de France a-t-elle remporté sa dernière CDM ? 4 - 2
95%
Quelle médaille a remporté la France pour le football aux Jeux Olympiques 1984 ? Médaille d'Or
95%
Dans quel stade l'Equipe de France dispute-t-elle habituellement ses matchs ? Stade de France
95%
Qui a succédé à Hugo Lloris au poste de gardien de but ? Mike Maignan
93%
Qui est le meilleur buteur de l'Equipe de France ? Olivier Giroud
93%
Qui a était élu meilleur joueur de la CDM 2006 ? Zinedine Zidane
93%
En quelle année l'Equipe de France a-t-elle disputé son premier match au Stade de France ? 1998
92%
En quelles années l'Equipe de France a-t-elle remporté la CDM ? 1998 et 2018
92%
En quelle année Didier Deschamps est-il arrivé à la tête de l'Equipe de France ? 2012
92%
Quel est le nom du centre d'entrainement de l'Equipe de France ? Clairefontaine
92%
Qui est le joueur le plus capé de l'Equipe de France ? Hugo Lloris
92%
Combien de buts a-t-il inscrit ? 53
90%
Quel sélectionneur a disputé le plus de matchs à la tête de l'Equipe de France ? Didier Deschamps
90%
Quel est le surnom de l'Equipe de France ? Les bleus ou les tricolores
90%
Qui a inscrit le Troisième but de l'EDF lors du dernier sacre en CDM ? Paul Pogba
88%
Quel est le seul gardien de l'Equipe de France a avoir remporté le Gant d'Or ? Fabien Barthez (1998)
87%
Qui est le meilleur buteur de l'Equipe de France en CDM ? Just Fontaine
87%
En quelles années l'Equipe de France a-t-elle remporté la ligue des Nations ? 2021
85%
Qui était l'entraineur lors du premier sacre de l'Equipe de France en CDM ? Aimé Jacquet
80%
Depuis quelle année l'Equipe de France a Nike pour équipementier ? 2011
75%
Quel est le record d'invincibilité de l'Equipe de France ? (Combien de matchs sans prendre de but) 11
72%
En quelles années l'Equipe de France a-t-elle remporté le championnat d'Europe ? 1984 et 2000
72%
Combien de sélections a-t-il ? 145
70%
Contre qui la France a disputé le premier match de son histoire ? Belgique
67%
Quelle est la plus longue série de matchs sans défaite de l'Equipe de France ? 30 matchs
60%
Qui a inscrit le 1500e but de l'Equipe de France ? Antoine Griezmann
60%
Quelle est la date des débuts officiels de l'Equipe de France ? 1904
55%
Contre qui la France a disputé le premier match de son histoire au Stade de France ? Espagne
53%
Qui a inscrit le 1000e but de l'Equipe de France ? Emmanuel Petit
40%
Qui est le joueur le plus âgé à avoir disputé un match avec l'Equipe de France ? Steve Mandanda
33%
Qui a la plus courte carrière en sélection ? Franck Jurietti (5 secondes)
27%
Contre qui l'Equipe de France a-t-elle disputé son premier match en CDM ? Mexique
22%
Qui est le premier buteur de l'histoire de l'Equipe de France ? Louis Mesnier
5%
Qui a inscrit le but le plus rapide de l'histoire de l'Equipe de France ? Franck Sauzée
3%
Aucun quiz correspondant
Distribution des résultats
% des personnes avec chaque résultat
Percentile par nombre de réponses
Votre historique - résultats
Vous n’avez pas pris ce quiz depuis la dernière actualisation